[Event "2nd Mix Bassano 2021"]
[Site "Bassano del Grappa"]
[Date "2021.03.26"]
[Round "5.5"]
[White "Checa, Nicolas"]
[Black "Formento, Paolo"]
[Result "1-0"]
[WhiteElo "2546"]
[BlackElo "2329"]
[Annotator "TA"]
[PlyCount "49"]
[EventDate "2021.03.24"]
[EventType "swiss"]
[EventCountry "ITA"]
[SourceTitle "playchess.com"]
[Source "ChessBase"]
[SourceQuality "1"]

{[%evp 25,48,20,46,58,104,111,435,147,437,453,1089,1085,3835,3700,2964,2962,2451,2048,1691,1014,1448,379,29992,29993,29999]} 1. d4 Nf6 2. c4 e6 3. Nf3 d5 4. Nc3 c5 5. e3 Nc6 6. cxd5 Nxd5 7. Bc4 Nxc3 8. bxc3 cxd4 9. exd4 Be7 10. O-O O-O 11. Re1 b6 12. Bd3 Bb7 13. h4 Bf6 14. Ng5 {D41: Queen's Gambit Declined: Semi-Tarrasch with 5 cxd5.} h6 {[#]} 15. Qh5 {And now Bh7+ would win.} Qd5 $2 {[%mdl 8192]} (15... Ne7 $16 {is more resistant.}) 16. Bh7+ $18 {White is clearly winning.} Kh8 17. Be4 Qa5 (17... Qd7 $142 18. Nh7 Be7 19. Bxh6 (19. Nxf8 Bxf8 20. Bf4 Na5 $18) 19... f5) 18. Nxf7+ Kg8 19. Nxh6+ gxh6 20. Qg6+ Bg7 21. Bxh6 {[%csl Gh6][%cal Rg6g7] [#]} Rf7 22. Qh7+ Kf8 {[#]} 23. Bxc6 $146 (23. Bg6 e5 24. Bxf7 Bxh6 25. Bc4) ({Predecessor:} 23. Bg6 Nd8 24. Bxg7+ Ke7 25. Bxf7 {1-0 (25) Volodin,A (2344)-Grebionkin,V (2449) Voronezh 2000}) 23... Bxc6 $2 (23... Qf5 $18 24. Qxf5 exf5 25. Bxb7 Rxb7) 24. Rxe6 {[%cal Rh7h8]} Qd5 25. Qh8# {White took control after the opening.  Weighted Error Value: White=0.66/Black=1.69} 1-0

[Event "2nd Mix Bassano 2021"]
[Site "Bassano del Grappa"]
[Date "2021.03.26"]
[Round "5.6"]
[White "Niemann, Hans Moke"]
[Black "Deuer, Marius"]
[Result "1-0"]
[WhiteElo "2526"]
[BlackElo "2231"]
[Annotator "TA"]
[PlyCount "55"]
[EventDate "2021.03.24"]
[EventType "swiss"]
[EventCountry "ITA"]
[SourceTitle "playchess.com"]
[Source "ChessBase"]
[SourceQuality "1"]

{[%evp 24,54,28,20,6,8,0,0,6,0,0,4,4,11,19,16,4,-30,2,6,190,198,787,507,627,622,992,973,29997,29998,29998,29999,29999]} 1. e4 e5 2. Nf3 Nc6 3. Bb5 a6 4. Ba4 Nf6 5. O-O Be7 6. Re1 b5 7. Bb3 d6 8. c3 O-O 9. h3 Nb8 10. d4 Nbd7 11. Nbd2 {[%cal Bb1d2,Bd2f1,Bf1g3][%mdl 32]} Bb7 12. Bc2 c5 13. Nf1 cxd4 {is now more promising than 13...Re8. C95: Closed Ruy Lopez: Breyer Variation with 10 d4.} 14. cxd4 exd4 15. Nxd4 {15.Ng3 is vanishing.} Re8 {The position is equal.} 16. Ng3 d5 17. exd5 Nxd5 18. Ndf5 Bf8 19. Rxe8 Qxe8 {[#]} 20. Bg5 $146 ({Predecessor:} 20. Ne4 N5f6 21. Ned6 Qe6 22. Nxb7 Rc8 23. Nfd6 Rxc2 24. Qxc2 Bxd6 25. Nxd6 Qxd6 26. Qc8+ {1-0 (40) Dunlop,G (2407)-Klausen,T (2456) ICCF email 2014}) 20... N7f6 21. Qf3 {aiming for Bxf6.} Qe5 {Black cannot hold the game after this.} (21... Rc8 $11 {and Black has nothing to worry.} 22. Bb3 Rc7) 22. Bxf6 $18 gxf6 $2 (22... Qxf6 23. Rd1 g6) 23. Be4 Re8 24. Qh5 Kh8 {Now ...Nf4 and Black clings on.} 25. Qxf7 {White threatens Nh6 and mate.} Rb8 {[#]} 26. Nh6 $1 {[%csl Ge4][%cal Rf7h7][%mdl 512] White mates.} Bg7 {[#]} 27. Qg8+ $1 {[%mdl 576] Clearance} Rxg8 28. Nf7# {Weighted Error Value: White=0.19/Black=1.21} 1-0

[Event "2nd Mix Bassano 2021"]
[Site "Bassano del Grappa"]
[Date "2021.03.26"]
[Round "5.7"]
[White "Janzelj, Tim"]
[Black "Toman, Jan"]
[Result "1-0"]
[WhiteElo "2468"]
[BlackElo "2029"]
[Annotator "TA"]
[PlyCount "45"]
[EventDate "2021.03.24"]
[EventType "swiss"]
[EventCountry "ITA"]
[SourceTitle "playchess.com"]
[Source "ChessBase"]
[SourceQuality "1"]

{[%evp 23,45,0,31,22,66,60,85,89,167,120,120,116,404,400,393,383,610,587,29987,29988,29988,29989,29991,29987]} 1. Nf3 Nf6 2. c4 e6 3. g3 b6 4. Bg2 Bb7 5. O-O Be7 6. b3 O-O 7. Bb2 d5 8. e3 c5 9. Qe2 Nc6 10. Rd1 Qc7 11. Nc3 Rfd8 12. Rac1 Rac8 13. d4 {A14: English Opening: 1...e6 with b3 by White.} Qb8 14. cxd5 {[#]} Nxd5 $146 ({Predecessor:} 14... exd5 15. Nh4 cxd4 16. exd4 Bf8 17. Qf3 Ne7 18. Bh3 Rc7 19. Re1 Bc8 20. Bf1 Bg4 {0-1 (39) Schoenau,W (2305)-Seuffert,G Kahl 1996}) 15. Nxd5 {White is better.} Rxd5 (15... exd5 $16 {was worth a try.} 16. dxc5 bxc5) 16. e4 Rdd8 17. d5 Na5 {[%mdl 8192] [#] Loses the game.} (17... Nd4 $16 18. Nxd4 cxd4) 18. dxe6 $18 fxe6 19. Bh3 Rxd1+ (19... Nc6 $142 20. Bxe6+ Kh8 21. Bxc8 Qxc8 22. Rxd8+ Qxd8) 20. Rxd1 ({Weaker is} 20. Qxd1 Rd8 $18) 20... Re8 21. Bxe6+ {White mates.} Kh8 22. Ne5 Bc8 23. Qg4 {Weighted Error Value: White=0.06/Black=1.53} 1-0

[Event "2nd Mix Bassano 2021"]
[Site "Bassano del Grappa"]
[Date "2021.03.26"]
[Round "5.8"]
[White "Orfini, Nicolo`"]
[Black "Shetty, Atulya"]
[Result "1/2-1/2"]
[WhiteElo "2214"]
[BlackElo "2447"]
[Annotator "TA"]
[PlyCount "138"]
[EventDate "2021.03.24"]
[EventType "swiss"]
[EventCountry "ITA"]
[SourceTitle "playchess.com"]
[Source "ChessBase"]
[SourceQuality "1"]

{[%evp 20,138,0,7,10,-2,21,12,20,21,16,16,33,0,0,15,19,4,14,21,29,46,47,50,71,76,125,71,108,127,231,241,235,216,822,472,440,409,389,289,276,284,297,285,405,184,187,195,183,155,141,169,177,174,172,170,175,183,204,195,186,184,188,189,195,179,218,233,245,235,239,212,258,212,245,213,235,220,260,245,255,255,299,285,305,288,279,279,294,302,288,288,315,315,314,314,308,308,303,297,292,288,279,264,255,146,220,146,114,0,0,0,0,0,0,0,0,0,0,0,5287]} 1. e4 c5 2. c3 g6 3. Nf3 Bg7 4. d4 cxd4 5. cxd4 d5 6. exd5 Nf6 7. Bb5+ Nbd7 8. d6 O-O 9. dxe7 Qxe7+ 10. Be2 Re8 11. Nc3 b5 {B27: Sicilian: 2 Nf3, unusual Black 2nd moves.} 12. a3 Bb7 13. O-O a6 14. Be3 {[#]} Qd6 $146 {And now ...Ng4 would win.} ({Predecessor:} 14... Nb6 15. Re1 Rad8 16. Rc1 Qd6 17. Bg5 h6 18. Bh4 Nbd5 19. Ne5 Nxc3 20. bxc3 Qxa3 {½-½ (31) Sanner,Z (2095)-Ortiz,M (2127) LSS email 2010}) 15. h3 Rad8 16. Qd2 Nb6 17. Bf4 Qd7 18. Rad1 Nfd5 19. Ne5 Qc8 20. Nxd5 Bxd5 21. Rfe1 Qa8 22. Bf1 Nc8 23. Ng4 (23. Bh6 $142 $1) 23... Rxe1 24. Rxe1 h5 {[#]} (24... Qc6 $16 25. Bh6 Bxh6 26. Qxh6 (26. Nxh6+ Kg7 $16) 26... f5) 25. Bg5 $1 $18 Rf8 26. Nf6+ Kh8 $2 (26... Bxf6 27. Bxf6 Qc6) 27. Nd7 Rg8 28. Bf6 {[%cal Rd2h6]} Kh7 29. Qg5 Bh6 30. Qh4 Qc6 31. Ne5 Qc2 {[#]} (31... Qe6 $142 32. Nd3 Qd7) 32. Bg5 (32. Ng4 $142 $1 {[%mdl 512]} Be6 (32... Qd2 33. Nxh6) 33. Nxh6 Kxh6 34. Re5) 32... Bxg5 33. Qxg5 Qf5 34. Qh4 Kg7 35. Bd3 Qf6 36. Qxf6+ Kxf6 37. Nd7+ Kg7 38. Nc5 $36 {[%mdl 2048] White is on the roll.} a5 39. Bxb5 Nd6 40. Bd3 Rb8 41. Re2 h4 42. f3 Ne8 43. Be4 Bc4 44. Rc2 Nd6 45. Kf2 g5 46. Rd2 f5 47. Bd3 Bf7 48. Rc2 Be8 49. b4 axb4 50. Rb2 Ra8 51. axb4 Rb8 52. Ne6+ Kf6 {[#]} 53. Nc7 Bf7 54. b5 Ke7 55. b6 Nc8 56. b7 {Na6 is the strong threat.} ({Don't do} 56. Bxf5 Rxb6 57. Re2+ Kd8 $18) 56... Nd6 {[#]} 57. Bxf5 $1 {[%mdl 512] Strongly threatening Be4.} Rxb7 58. Rxb7 Nxb7 {[%mdl 4096] Endgame KBN-KBN} 59. Be4 Nd6 60. Na6 Bc4 61. Nb4 Kf6 62. d5 ({White should try} 62. Ke3 $18) 62... Ke5 (62... Bb5 $16 63. Nc6 Bc4) 63. Nc6+ Kf4 64. Ne7 ({Better is} 64. Nd8 $16) 64... Nxe4+ $11 {The position is equal.} 65. fxe4 Kxe4 66. d6 Be6 67. Ng6 {Black must now prevent Nf8.} Kd5 68. Nf8 Kxd6 69. Nh7 Kd5 $2 {[%mdl 40960] Weighted Error Value: White=0.22/Black=0.17. An unexpected result.} (69... g4 $11) 1/2-1/2

[Event "2nd Mix Bassano 2021"]
[Site "Bassano del Grappa"]
[Date "2021.03.26"]
[Round "5.9"]
[White "Tomazini, Zan"]
[Black "Pasini, Nicolo"]
[Result "1-0"]
[WhiteElo "2416"]
[BlackElo "2220"]
[Annotator "TA"]
[PlyCount "76"]
[EventDate "2021.03.24"]
[EventType "swiss"]
[EventCountry "ITA"]
[SourceTitle "playchess.com"]
[Source "ChessBase"]
[SourceQuality "1"]

{[%evp 18,76,-21,-31,-23,-37,-28,-36,-24,-36,-29,-50,-47,-45,-50,-49,-42,-83,-83,-133,-143,-157,-15,-15,-14,-95,38,38,73,81,109,93,157,149,164,150,252,254,252,237,324,223,251,195,191,185,189,183,291,270,279,273,252,77,155,150,123,150,145,125,68]} 1. e4 c5 2. c3 Nf6 3. e5 Nd5 4. d4 cxd4 5. Nf3 Nc6 6. Bc4 Nb6 7. Bb3 d5 8. cxd4 Bg4 9. Be3 e6 10. O-O Be7 {B22: Sicilian: 2 c3.} 11. Nc3 Rc8 12. h3 Bh5 {Black is slightly better.} 13. Rc1 {[#]} Na5 $146 ({Predecessor:} 13... O-O 14. g4 Bg6 15. Ne2 Na5 16. Bc2 Bxc2 17. Rxc2 Qd7 18. b3 Nc6 19. Kg2 Rc7 {0-1 (50) Plenca,J (2296)-Esen,B (2494) Rijeka 2009}) 14. Ba4+ Nxa4 15. Qxa4+ Nc6 $1 16. Ne1 Bg6 17. g4 h5 {Threatens to win with ...hxg4.} 18. Ng2 hxg4 19. hxg4 Qd7 ({Black should play} 19... Bd3 $17 20. Rfe1 Kf8) 20. Nf4 $11 Bh7 21. Nh5 (21. Kg2 $1 $11) 21... Bf8 (21... f5 $17) 22. Kg2 $14 Bg6 {[#]} 23. Nf4 $1 Bb4 24. Nce2 Bf8 ({Black should try} 24... Be7) 25. Nxg6 $16 fxg6 26. Nf4 Kf7 (26... Qf7 $16 27. Qb3 g5) 27. Qc2 $18 Ne7 28. Qd3 Rc6 29. b4 Rc4 30. Rxc4 dxc4 31. Qxc4 Nd5 32. Rc1 {Black must now prevent Nxd5.} Bxb4 (32... Be7 {might work better.} 33. Nxd5 exd5) 33. Nxd5 exd5 34. Qc7 Ke6 35. Qxd7+ Kxd7 36. Rb1 a5 {[#]} 37. a3 $1 {[%cal Ra3b4]} Bxa3 38. Rxb7+ Kc6 {White used his chance.  Weighted Error Value: White=0.19/Black=0.35} 1-0

[Event "2nd Mix Bassano 2021"]
[Site "Bassano del Grappa"]
[Date "2021.03.26"]
[Round "5.10"]
[White "Kuhn, Clement"]
[Black "Martin Duque, Jesus"]
[Result "0-1"]
[WhiteElo "2278"]
[BlackElo "2454"]
[Annotator "TA"]
[PlyCount "158"]
[EventDate "2021.03.24"]
[EventType "swiss"]
[EventCountry "ITA"]
[SourceTitle "playchess.com"]
[Source "ChessBase"]
[SourceQuality "1"]

{[%evp 12,158,6,13,13,12,17,17,14,0,0,0,0,2,0,0,27,-18,-10,-35,-22,-85,13,16,37,34,53,25,34,27,45,21,21,18,45,0,0,0,131,126,168,127,133,75,89,83,154,73,129,106,158,144,168,172,175,181,163,174,202,152,148,164,163,150,250,245,255,81,70,0,0,0,0,0,0,0,0,0,0,0,0,0,0,0,0,-34,-34,-41,-41,-56,-63,-208,-184,-177,-99,-117,-112,-227,-55,-106,-17,-24,0,-1,0,0,0,0,0,0,0,0,0,0,0,0,0,-644,-636,-636,-590,-595,-510,-502,-480,-466,-305,-375,-290,-290,-287,-268,-245,-608,-553,-738,-750,-29980,-29981,-29981,-29982,-29982,-596,-29982,-29984,-29993,-29994,-29995,-5297]} 1. Nf3 Nf6 2. g3 b6 3. Bg2 Bb7 4. b3 g6 5. Bb2 Bg7 6. O-O O-O 7. c4 Na6 {A15: English Opening: 1...Nf6.} 8. Nc3 e6 9. d4 Qe7 {[#] The position is equal.} 10. Re1 $146 ({Predecessor:} 10. Rc1 d5 11. cxd5 exd5 12. e3 Rfe8 13. Ne2 Ne4 14. Nf4 c5 15. Ba3 Red8 16. h4 {0-1 (35) Le Roux,J (2497)-Pavlovic,M (2539) Deauville 2010}) 10... d5 11. cxd5 exd5 12. Rc1 Rfd8 13. e3 c5 14. Ba3 Ne4 15. Na4 Rac8 16. dxc5 (16. Bh3 $11) 16... bxc5 (16... b5 $1 $17 17. Nd4 bxa4) 17. Qe2 $11 Nb4 {[#]} 18. Rxc5 $1 Nc6 {[#]} ({Of course not} 18... Rxc5 19. Bxb4 Nc3 20. Nxc3 $16) 19. Rxc6 $1 Qxa3 20. Rxc8 Rxc8 21. Nd4 Rc1 22. Bxe4 dxe4 23. Rxc1 Qxc1+ 24. Qf1 Qc8 (24... Qd2 $1 $11 {keeps the balance.} 25. Qb5 Bxd4 26. Qxb7 Qd1+ 27. Kg2 Qf3+ 28. Kg1 Qd1+ 29. Kg2 Qf3+ 30. Kg1 Qd1+) 25. Qc4 $1 $16 Qg4 26. Nc5 $36 {[%mdl 2048] White is really pushing.} Ba8 27. Qe2 (27. Kg2 $142) 27... Qc8 28. b4 Bd5 (28... a5 $142) 29. a3 (29. Nb5 $142) 29... h5 (29... Bxd4 $142 30. exd4 f6) 30. h4 Be5 (30... Bxd4 $142 31. exd4 Kg7) 31. Qd1 Qh3 32. Ne2 Bc6 33. a4 Qc8 34. Nd4 Qd8 35. Qa1 Qd6 36. Qc3 Bd5 37. Kg2 Qf6 (37... f5 $16 {keeps fighting.} 38. b5 Bf7) 38. Qd2 $1 $18 Bd6 39. Nb5 $2 (39. Nd7 $18 {and White stays clearly on top.} Qe7 40. Nb5 $1 {[%mdl 64] Discovered Attack}) 39... Qf3+ $16 40. Kg1 (40. Kh2 $1 $14 Bc4 41. Nd4 (41. Nxd6 $2 {is a self mate.} Bf1 42. Ndxe4 Qg2#)) 40... Bxg3 $1 $11 41. fxg3 Qxg3+ {[%mdl 64] Double Attack} 42. Kh1 Qh3+ 43. Kg1 {And now Qf2 would win.} Qg3+ 44. Kh1 Qxh4+ 45. Kg1 Qg3+ 46. Kh1 Bc4 (46... Qh3+ {seems wilder.} 47. Kg1 Qg3+) 47. Nd6 Bd3 48. Ndxe4 (48. Nb5 {is interesting.} Qh3+ 49. Kg1 Qg3+ 50. Kh1) 48... Bxe4+ 49. Nxe4 Qh4+ {[%mdl 64] Double Attack} 50. Kg1 $1 Qxe4 $15 {[%mdl 4096] Endgame KQ-KQ} 51. Qd8+ (51. a5 $15) 51... Kh7 $1 $19 52. Qd2 Qg4+ (52... g5 $19 {White must now prevent ...h4.} 53. a5 h4) 53. Kh2 $17 h4 54. Qf2 {[#]} (54. a5 $17) 54... Kg8 $2 (54... Qxb4 55. Qxf7+ Kh6 56. Qxa7) (54... Kg7 $1 $19 55. Qf4 Qe2+ 56. Kh3 Qe1) 55. Qf4 $15 {[#]} Qd7 ({Better is} 55... Qe2+ $1 $17 56. Kh3 Qe1) 56. b5 $11 Qe7 {next ...g5 is good for Black.} 57. a5 g5 58. Qb8+ Kh7 59. b6 axb6 60. a6 {[%cal Ra6a7] Hoping for a7.} Qxe3 61. a7 Qf2+ 62. Kh1 Qf1+ 63. Kh2 g4 64. a8=Q $4 {[%mdl 8192]} (64. Qh8+ $11 Kxh8 65. a8=Q+ Kh7 66. Qg8+ Kh6 67. Qg7+ Kxg7) 64... g3+ $19 65. Qxg3 hxg3+ 66. Kxg3 {If White can now play Qe4+ this consolidates a bit. KQ-KQ} Kg7 67. Qd5 {intending Qg5+.} Qf6 68. Kh2 Qe6 69. Qg5+ Kh7 {( -> ...Qh6+)} 70. Qb5 f5 71. Kg3 Kg6 72. Qd3 $2 (72. Kf2) 72... Qe5+ 73. Kf3 b5 74. Qd2 Qe4+ 75. Kg3 Qg4+ 76. Kf2 Qh4+ 77. Kf3 Qh3+ {Black mates.} 78. Kf4 Qh6+ 79. Ke5 Qxd2 {What a fight!  Weighted Error Value: White=0.19/Black=0.25} 0-1

[Event "2nd Mix Bassano 2021"]
[Site "Bassano del Grappa"]
[Date "2021.03.26"]
[Round "6.1"]
[White "Sonis, Francesco"]
[Black "Peralta, Fernando"]
[Result "1/2-1/2"]
[WhiteElo "2477"]
[BlackElo "2561"]
[Annotator "TA"]
[PlyCount "32"]
[EventDate "2021.03.24"]
[EventType "swiss"]
[EventCountry "ITA"]
[SourceTitle "playchess.com"]
[Source "ChessBase"]
[SourceQuality "1"]

{[%evp 11,32,14,23,4,10,11,9,-12,-13,-8,-10,0,9,-12,-2,-50,0,6,21,23,26,0,0]} 1. Nf3 Nf6 2. c4 e6 3. Nc3 Bb4 4. Qc2 O-O 5. a3 Bxc3 6. Qxc3 d6 $1 {[%mdl 4] now scores much better than the old 6...b6.} 7. b3 {A17: English Opening: 1...Nf6 with ...Bb4.} e5 8. Bb2 c5 9. d3 {[#]} Bg4 $146 ({Predecessor:} 9... Nc6 10. e3 Re8 11. Be2 Rb8 12. h3 b5 13. Nd2 bxc4 14. dxc4 Bf5 15. O-O Qb6 {½-½ (50) Olivier,P (2228)-Renaudin,M (2186) France 2006}) 10. e3 Bxf3 11. gxf3 Nc6 12. Rg1 Re8 13. Be2 Rc8 (13... Re6 $15) 14. f4 $11 a6 15. fxe5 dxe5 16. Kf1 Qd7 {An uneventful encounter.  Weighted Error Value: White=0.11/Black=0.12} 1/2-1/2

[Event "2nd Mix Bassano 2021"]
[Site "Bassano del Grappa"]
[Date "2021.03.26"]
[Round "6.2"]
[White "Moroni, Luca Jr"]
[Black "Bernadskiy, Vitaliy"]
[Result "1/2-1/2"]
[WhiteElo "2552"]
[BlackElo "2599"]
[Annotator "TA"]
[PlyCount "66"]
[EventDate "2021.03.24"]
[EventType "swiss"]
[EventCountry "ITA"]
[SourceTitle "playchess.com"]
[Source "ChessBase"]
[SourceQuality "1"]

{[%evp 14,66,29,21,31,16,7,7,0,0,4,0,22,17,23,27,25,28,55,57,87,70,61,61,62,60,65,40,37,37,43,45,52,45,39,0,45,45,45,42,42,41,40,46,45,0,0,0,0,-27,0,0,0,0,0]} 1. d4 e6 2. c4 Bb4+ 3. Nd2 b6 4. e3 Bb7 5. Ngf3 Nf6 6. Bd3 O-O 7. O-O d5 8. b3 c5 {E14: Queen's Indian: Classical Variation (4 e3).} 9. Bb2 cxd4 {[#]} 10. Bxd4 $146 ({Predecessor:} 10. Nxd4 Nc6 11. Nxc6 Bxc6 12. Nf3 dxc4 13. Bxc4 Qxd1 14. Rfxd1 Rfd8 15. Kf1 Bxf3 16. gxf3 {½-½ (27) Yakovich,Y (2530)-Anand,V (2735) Geneve 1996}) 10... Nc6 11. Bb2 Rc8 12. Qe2 dxc4 13. Nxc4 b5 14. Ncd2 a6 15. a3 Bxd2 16. Nxd2 Qd5 {White must now prevent ...Nd4!} 17. Bxf6 gxf6 18. Ne4 Kh8 19. Nxf6 {[%mdl 64] [#] Double Attack} Nd4 $1 {[%csl Gb7][%cal Rd5g2]} 20. Nxd5 (20. Qg4 {with more complications.} Nf3+ 21. gxf3 Qxd3 22. Rfc1 Rg8 23. Rxc8 Rxc8 24. Kg2) 20... Nxe2+ 21. Bxe2 {Nf4 is the strong threat.} Bxd5 22. Rfb1 Rc3 23. b4 Rfc8 24. Bf1 Bb3 25. g3 Kg7 26. Bg2 R8c7 27. Bf3 f5 28. Bd1 Bd5 {[#] Threatens to win with ...Be4.} 29. Be2 Rc2 30. Bf1 R7c3 31. Re1 Rb3 32. Bg2 Bxg2 33. Kxg2 Rbb2 {Weighted Error Value: White=0.08/Black=0.06} 1/2-1/2

[Event "2nd Mix Bassano 2021"]
[Site "Bassano del Grappa"]
[Date "2021.03.26"]
[Round "6.3"]
[White "Di Benedetto, Edoardo"]
[Black "Checa, Nicolas"]
[Result "0-1"]
[WhiteElo "2400"]
[BlackElo "2546"]
[Annotator "TA"]
[PlyCount "87"]
[EventDate "2021.03.24"]
[EventType "swiss"]
[EventCountry "ITA"]
[SourceTitle "playchess.com"]
[Source "ChessBase"]
[SourceQuality "1"]

{[%evp 10,87,0,0,0,0,0,0,0,0,0,0,0,0,0,0,8,0,0,0,0,0,0,0,3,-7,63,-37,-41,-67,-59,-58,-54,-55,-30,-20,-13,-15,-6,-25,-16,-17,-18,-31,-31,-31,-31,-31,-23,-26,-19,-24,-10,-28,-22,-22,-22,-22,-22,-27,-21,-24,0,-27,-12,-27,-14,-27,-19,-27,-19,-28,-28,-28,-27,-34,0,0,0,-7]} 1. e4 e6 2. d4 d5 3. Bd3 dxe4 4. Bxe4 Nf6 5. Bf3 c5 6. Ne2 Nc6 {C01: French: Exchange Variation.} 7. Be3 cxd4 8. Nxd4 Ne5 9. Nc3 a6 $1 {9...a6 is better than 9...Bb4.} 10. Qe2 Nxf3+ 11. Qxf3 e5 12. Nde2 Qc7 {[#]} 13. Rd1 $146 ({Predecessor:} 13. O-O-O Be6 14. Qg3 Rc8 15. f4 b5 16. fxe5 Ne4 17. Qe1 b4 18. Bb6 Qxb6 19. Nxe4 {0-1 (35) Martin Barcelo,C (2211)-Ternault,M (2324) Barcelona 2021}) 13... Be7 14. Qg3 Nh5 15. Qf3 Nf6 16. Qg3 Bg4 (16... O-O {looks sharper.} 17. Bh6 Nh5 18. Qf3 Nf6 19. Qg3) 17. h3 Bh5 {[#]} (17... Bxe2 $11 18. Nxe2 O-O) 18. O-O ({But not} 18. Qxg7 $2 Rg8 $19) (18. Bd4 $1 $14) 18... O-O $1 $15 19. f3 Rfd8 20. Qf2 Rxd1 21. Rxd1 {Threatening g4.} Rd8 (21... Bg6 {with more complications.} 22. Nd5 Nxd5 23. Rxd5 f6 24. Nc3 Bf7) 22. Rxd8+ Qxd8 23. Bc5 Bg6 24. Ng3 h6 25. Bxe7 Qxe7 26. a3 Qd6 27. Nge4 Nxe4 28. fxe4 b5 29. Qe3 Kh7 30. Kf2 f6 31. Qd3 Qc5+ 32. Qe3 $1 {[%cal Re3c5]} Qc6 33. b4 h5 34. h4 Qc8 35. Qf3 Qc6 36. Qd3 Bf7 37. g3 Bg6 38. Qe3 Qc8 39. Qf3 Qh3 40. Kg1 Qd7 {And now ...Qd2 would win.} 41. Qd3 Qe6 42. Kf2 f5 43. exf5 Bxf5 44. Qe2 {[%mdl 32768] Weighted Error Value: White=0.08/Black=0.08. Loss on time!?} 0-1

[Event "2nd Mix Bassano 2021"]
[Site "Bassano del Grappa"]
[Date "2021.03.26"]
[Round "6.4"]
[White "Bellahcene, Bilel"]
[Black "Schreiner, Peter"]
[Result "1-0"]
[WhiteElo "2517"]
[BlackElo "2445"]
[Annotator "TA"]
[PlyCount "115"]
[EventDate "2021.03.24"]
[EventType "swiss"]
[EventCountry "ITA"]
[SourceTitle "playchess.com"]
[Source "ChessBase"]
[SourceQuality "1"]

{[%evp 16,115,0,-5,0,0,0,0,0,0,0,0,0,0,28,29,16,16,25,0,8,0,0,0,0,0,0,0,48,44,43,26,41,47,69,63,84,70,72,72,102,111,109,74,106,80,120,50,52,41,44,44,66,46,82,46,69,72,92,99,109,53,214,237,330,316,353,309,331,272,324,258,292,189,198,176,202,154,170,156,163,112,152,99,112,97,86,15,20,23,291,272,468,298,865,201,367,325,1563,1559,1204,1153]} 1. e4 e5 2. Nf3 Nc6 3. Bb5 a6 4. Ba4 Nf6 5. d3 d6 6. c4 g6 7. h3 Bg7 8. O-O O-O 9. Nc3 Rb8 {C77: Ruy Lopez: 3...a6 4 Ba4 Nf6, unusual lines.} 10. Be3 Nd7 11. c5 {[#]} Nd4 $146 {The position is equal.} ({Predecessor:} 11... Nxc5 12. Bxc6 bxc6 13. Bxc5 dxc5 14. Na4 f5 15. Nxc5 fxe4 16. Nxe4 Rxb2 17. Rc1 Rb6 {½-½ (54) Silva,F (2311)-Gomez Galan Arense,J (2311) ICCF email 2017}) 12. cxd6 c6 13. Nb1 c5 14. Bb3 Nb6 15. Nxd4 cxd4 16. Bd2 Qxd6 17. a3 Nd7 18. Bb4 Nc5 19. Nd2 b6 20. a4 a5 21. Ba3 Bh6 22. Bd5 Ba6 23. Nc4 Qc7 24. b4 axb4 25. Bxb4 Rfc8 26. Qf3 Bxc4 27. Bxc4 Qe7 28. Rfb1 Kg7 29. Bd5 Rc7 30. Ra2 Qe8 31. Rba1 (31. g3 $16) 31... Bg5 $14 32. g3 Be7 33. Bd2 Nd7 34. Bc4 Nf6 35. Bb5 Qf8 36. Rb1 h5 37. Kg2 h4 38. Rab2 (38. gxh4 $16 Qh8 39. Ba6) 38... Nh7 $2 {[#]} (38... Ra8 $14) 39. Bc4 $18 Rc6 40. a5 Rf6 41. Qe2 Bc5 42. a6 Ra8 43. Ra2 Ra7 44. Bd5 Rd6 45. Bb7 Rd7 46. Bc6 Rdc7 47. Bb5 Nf6 48. Rf1 (48. Bg5 $18) 48... Ne8 49. Bc4 (49. gxh4 $6 Nd6 $14) (49. f4 $142) 49... b5 $16 50. Bxb5 Nd6 {[#]} 51. Rb1 ({White should play} 51. Ba4 $1 $16) 51... Nxb5 52. Rxb5 {Qg4 is the strong threat.} Qc8 {[%mdl 8192]} (52... hxg3 $1 $11 53. f4 (53. Kxg3 Qa8 $11) (53. fxg3 Rc6 $11) 53... Qa8) 53. Qg4 $18 (53. gxh4 Rxa6 54. Rxa6 Qxa6 $16) 53... Qe8 $2 (53... hxg3 54. Qxc8 (54. Qxg3 Bd6 $16) (54. Kxg3 Qe8 $16) (54. fxg3 Qxg4 55. hxg4 Rc6 $14) 54... Rxc8) 54. Rab2 {Threatens to win with Rb8.} Rxa6 $2 (54... Rc8 55. Ra5 Rc6) 55. Qxh4 $2 (55. Rb8 Re6 56. Rxe8 Rxe8 57. Qxh4) 55... Ba3 $2 (55... Qh8 56. Qg5 Re6) 56. R2b3 ({Less strong is} 56. Rb8 Rc8 $16) 56... Bd6 $2 (56... Bc5 57. Bh6+ Kg8) 57. Bh6+ Kg8 58. Qf6 {[%csl Gh6][%cal Rf6g7] Weighted Error Value: White=0.36/Black=0.40} 1-0